LEADER 01066nam a2200265 u 4500 001 000000059650 003 CaOOAMICUS 005 20070226120826.0 008 010704s1960 it u000 u ita u 035 $a10895445 040 $aPUL(R)$bita 100 1 $aJaspers, Karl,$d1883-1969.$0(OLS)http://pul/name/6455 245 10$aLeonardo filosofo /$cKarl Jaspers ; a cura di Ferruccio Masini. 260 $aFirenze :$b"Philosophia",$c1960. 300 $a145 p. ;$c19 cm 490 1 $aCommenti ;$v4 600 14$aLeonardo da Vinci,$d1452-1519.$0(OLS)http://pul/subject/2884 700 1 $aMasini, Ferruccio,$d1938-1988.$0(OLS)http://pul/name/5691 830 3$aCommenti ;$v4.$0(OLS)http://pul/title/79852 850 $aPUL 852 $aPUL$W1$xSL Filosofia 2$y80$mPhil D4 51f$j77784$nBK-PRI$b $qStampati altre collocazioni$B77784$CPULBib$Z2$F77784 $H $81 941 1 $a10 961 $aINV: 66528 996 $6245$aLeonardo filosofo$9(OLS)http://pul/title/79851 996 $6260$aFirenze :$b"Philosophia"$9(OLS)http://pul/publisher/69838 LEADER 01190nam a2200289 a 4500 001 000000134263 003 CaOOAMICUS 005 20130607122818.0 008 130607s1994 it u000 u ita r 020 $a88-7104-891-1 040 $aPUL$bita 082 04$a152.4 100 1 $aGazzoni, Francesco.$0(OLS)http://pul/name/23470 245 10$aAmore e diritto ovvero i diritti dell'amore /$cFrancesco Gazzoni. 260 $aNapoli :$bEdizioni scientifiche italiane,$c1994. 300 $aXI, 220 p. ;$c23 cm 504 $aBibliografia nelle note finali. 650 4$aEmozioni$xPsicologia.$0(OLS)http://pul/subject/22116 650 4$aSentimenti$xPsicologia.$0(OLS)http://pul/subject/39658 850 $aPUL 852 $aPUL$W1$xSL Filosofia 3$y81$m152. 4 GAZFR 1$j154359$qDDC 21$B153910$CPULBib$Z2$F153910 $H122589 $82 941 1 $a9 996 $6020$a88-7104-891-1$9(OLS)http://pul/number/152958 996 $6082$a152.4$9(OLS)http://pul/classification/638 996 $6245$aAmore e diritto ovvero i diritti dell'amore$9(OLS)http://pul/title/169758 996 $6260$aNapoli :$bEdizioni scientifiche italiane$9(OLS)http://pul/publisher/48388